Flowers in Thailand / (Record no. 18625)

000 -LEADER
fixed length control field 00595cam a2200217 a 4500
040 ## - CATALOGING SOURCE
Transcribing agency DLC
082 00 - DEWEY DECIMAL CLASSIFICATION NUMBER
Classification number 582 VIR 1977 C149 Or.
100 0# - MAIN ENTRY--AUTHOR NAME
Personal name Amnuay Pinratana.
245 10 - TITLE STATEMENT
Title Flowers in Thailand /
260 ## - PUBLICATION, DISTRIBUTION, ETC. (IMPRINT)
Place of publication [Bangkok], Thailand :
Name of publisher Viratham Press,
Year of publication <[1977-<1986 >
300 ## - PHYSICAL DESCRIPTION
Number of Pages v. <5, 12 > :
Other physical details col. ill. ;
Dimensions 19 cm.
490 1# - SERIES STATEMENT
Series statement Nature series ;
500 ## - GENERAL NOTE
General note English and Thai.
500 ## - GENERAL NOTE
General note Cover title: Dō̜kmai nai Mư̄ang Thai.
500 ## - GENERAL NOTE
General note Includes index.
650 #0 - SUBJECT ADDED ENTRY--TOPICAL TERM
Topical Term Wild flowers
650 #0 - SUBJECT ADDED ENTRY--TOPICAL TERM
Topical Term Flowers
650 #0 - SUBJECT ADDED ENTRY--TOPICAL TERM
Topical Term Wild flowers
650 #0 - SUBJECT ADDED ENTRY--TOPICAL TERM
Topical Term Flowers
942 ## - ADDED ENTRY ELEMENTS (KOHA)
Koha item type ADB
952 ## - LOCATION AND ITEM INFORMATION (KOHA)
Withdrawn status [LOCAL, KOHA] 0
Holdings
Source of acquisition Permanent Location Date acquired Koha item type Lost status Shelving location Current Location Full call number
A37317Library Block C2019-12-27សៀវភៅភាសាអង់គ្លេស C149Library Block C582 VIR 1977 C149 Or.
មជ្ឈមណ្ឌលឯការនៃសាកលវិទ្យាល័យភូមិន្ទកសិកម្មចំការដូង

Powered by Koha